| 000 | 00525nam a2200205Ia 4500 | ||
|---|---|---|---|
| 003 | GCL | ||
| 008 | 140319s9999 xx 000 0 eng d | ||
| 040 |
_aGCL / _cGCL |
||
| 082 | 0 | 4 |
_a658 _bF E |
| 100 | 1 | _aPERLES,B.M. | |
| 245 | 1 | 0 |
_aELMENTARY BUSINESS STATISTICS / _cPERLES,B.M. |
| 700 | 1 | _aFREUND, JOHN E | |
| 700 | 1 | _aWILLIAMS, F.J. | |
| 260 |
_a[S.N] : _bPRENTICE- HELL INTERNATIONAL, INC. ، _c1988 |
||
| 300 | _a738 P | ||
| 650 | 0 | 4 | _aSTATISTICS |
| 650 | 0 | 4 | _aMANAGEMENT |
| 650 | 0 | 4 | _aBUSINESS |
| 942 |
_2ddc _cBK |
||
| 999 |
_c16889 _d16889 |
||